Land Reforms to Land Titling: (Record no. 186534)

MARC details
000 -LEADER
fixed length control field 00694nam a22001817a 4500
005 - DATE AND TIME OF LATEST TRANSACTION
control field 20220308152427.0
010 ## - LCCN (DPL NO)
LC control number ENG-131879
020 ## - INTERNATIONAL STANDARD BOOK NUMBER
International Standard Book Number 9789353885212
Terms of availability 1395.00
035 ## - SYSTEM CONTROL NUMBER
System control number EN-1154011
037 ## - SOURCE OF ACQUISITION
Source of stock number/acquisition DBAD/PUB
082 ## - DEWEY DECIMAL CLASSIFICATION NUMBER
Classification number 333.3154
Item number 1
100 ## - MAIN ENTRY--PERSONAL NAME
Personal name Nayak,Pradeep
245 ## - TITLE STATEMENT
Title Land Reforms to Land Titling:
Remainder of title Emerging Paradigms of Land Governance in india/
Statement of responsibility, etc Pradeep Nayak
260 ## - PUBLICATION, DISTRIBUTION, ETC. (IMPRINT)
Name of publisher, distributor, etc SAGE Publications India Pvt Ltd
Place of publication, distribution, etc New Delhi
Date of publication, distribution, etc 2021
270 ## - ADDRESS
Address B1/1-1 Mohan Cooperative Industrial Area Mathura Road
City New Delhi
Postal code 110044
Electronic mail address www.sagepub.in
300 ## - PHYSICAL DESCRIPTION
Extent xvii,345p.
Dimensions 22 cm(hbk)
Other physical details Glossary ,About the Author ,Bibliography, Index
942 ## - ADDED ENTRY ELEMENTS (KOHA)
Source of classification or shelving scheme Dewey Decimal Classification
Item type English Books
Classification part 333.3154
Call number suffix NAY
Holdings
Withdrawn status Lost status Not for loan Collection code Home library Current library Date acquired Source of acquisition Cost, normal purchase price Full call number Barcode Copy number Cost, replacement price Koha item type
      Non-fiction Central Library Central Library 08/03/2022 DBAD/PUB 1395.00 333.3154 NAY EN-115411 1 1395.00 English Books

© Delhi Public Library
Hit Counter
free hit counter